000 01041nam a22002537a 4500
005 20170124103028.0
010 _aA-690146
020 _c150.00
_a8173150753
035 _aA-690146
037 _bCen Lib/Ret
040 _aDPL
_bHN
082 _a
_bवर्मावृं
100 _aवर्मा, वृंदावनलाल
_99690
245 _aमहारानी दुर्गावती /
_cवृंदावनलाल वर्मा
246 _aMaharani Durgawati /
_bby Vrindavanlal Verma
260 _aनई दिल्ली
_bप्रभात प्रकाशन
_c1994
270 _bनई दिल्ली
_a4/19 आसफ अली रोड
_e110002
300 _a224पृ.
_c21सेमी (सजिल्द)
650 _aहिन्दी -- साहित्य
_962919
650 _aहिन्दी -- उपन्यास
_962920
650 _aHindi -- Literature
_962921
650 _aHindi -- Fiction
_927248
942 _2ddc
_cHN
_h
_mवर्मावृं
999 _c115724
_d115724